Ochranný mechanizmus Európskej menovej únie

Vstup krajiny do Európskej menovej únie. Pakt stability a rastu - jeho ciele a úlohy. Európsky finančný stabilizačný mechanizmus - ochranný val - jeho podstata.

Uložené v:
Podrobná bibliografia
Hlavný autor: Chandoga, Roman
Médium: Kapitola
Jazyk:Slovak
Predmet:
Tagy: Pridať tag
Žiadne tagy, Buďte prvý, kto otaguje tento záznam!

MARC

LEADER 00000nla$a2200000$$$4500
001 0120197
005 20240502072338.7
041 0 |a slo 
044 |a SK 
245 1 0 |a Ochranný mechanizmus Európskej menovej únie  |c Roman Chandoga 
520 |a Vstup krajiny do Európskej menovej únie. Pakt stability a rastu - jeho ciele a úlohy. Európsky finančný stabilizačný mechanizmus - ochranný val - jeho podstata. 
610 2 0 |a Európska menová únia 
610 2 0 |a euro 
610 2 0 |a stabilita cien 
610 2 0 |a stabilita finančná 
100 1 |a Chandoga, Roman